Tatranský okruh vodákov jubiluje

Podrobná bibliografia
Hlavní autori: Mišík, Vlado (Author), Gál, Martin (Author), Gálová, Ľ. (Author), Mišík, Vladimír (Author)
Médium: Článok
Jazyk:Slovak
Témy:
Zdroj: 1. Krásy Slovenska 1. Roč. 74, č. 5-6(1997), s. 26-27
LEADER 00891nab#a2200325#ar4500
001 000016321
003 SVKKK
005 00000000000000.0
008 c xo e sloo
FMT
038 |a SVKKK 
040 |a SVKKK  |b slo  |e AACR2 
041 0 |a slo 
044 |a xo  |c SK 
080 |a 797.  |2 1981 
100 1 |a Mišík, Vlado  |4 aut 
245 1 0 |a Tatranský okruh vodákov jubiluje  |c Mišík Vlado ... [et al.] 
300 |b Fotogr. 4 
650 0 4 |a turistika vodná  |z Tatranský okruh vodákov, Slovensko východné  |x roč. 30.  |x história  |x informácie 
700 1 |a Gál, Martin  |4 aut 
700 1 |a Gálová, Ľ.  |4 aut 
700 1 |a Mišík, Vladimír  |4 aut 
773 0 |t Krásy Slovenska  |g Roč. 74, č. 5-6(1997), s. 26-27 
957 |a Slovensko východné 
958 |a RE 
974 |d 980123  |a Šá 
992 |a RBX 
BAS
852 |a SVKKK  |b BIB 
998 |a REG